| 000 | 01008nmm a2200253 a 4500 | ||
|---|---|---|---|
| 005 | 20230222063550.0 | ||
| 008 | 991125s1994 mx b spa u | ||
| 035 | _aUPN01000001033 | ||
| 049 | _aTES | ||
| 099 | _a7094 | ||
| 100 | 1 | _aDíaz Cabañas, Norma Beatriz | |
| 245 | 1 | 0 |
_aAdquisición de la lengua escrita de una manera funcional en el primer grado de educación primaria / _cNorma Beatriz Díaz Cabañas. |
| 260 |
_aMérida : _bN. B. Díaz Cabañas, _c1994. |
||
| 300 |
_a148 h. : _bil. |
||
| 500 | _a"Unidad 31A" | ||
| 500 | _aAsesor: Uc Dzib, Andrés | ||
| 502 | _aPropuesta pedagógica (Lic. en Educación Primaria) -- Universidad Pedagógica Nacional, 1994 | ||
| 650 | 2 |
_aLenguaje escrito _99085 |
|
| 710 | 2 |
_aUniversidad Pedagógica Nacional (México). _bUnidad 31A _928484 |
|
| 856 | 4 | 0 |
_uhttp://200.23.113.51/pdf/7094.pdf _zver el documento completo en formato PDF |
| 856 | 4 | 0 |
_uhttp://www.adobe.com/mx/ _zdescargar el programa ACROBAT READER |
| 905 | _aTesis | ||
| 905 | _aElectrónico | ||
| 999 |
_c1033 _d1033 |
||